000 00989cam a2200217 4500
001 WB3939-13
008 031016n2003 000 0 eng u
035 _a(Sirsi) u123938
245 _aItalian commercial market holds up
260 _c2003
490 _aRICS European Alert
_vOctober 2003, 4(1)
520 _aEconomic brief on the Italian property market. A firm labour market has continued to keep the commercial property market up in 2003 in contrast to weaker markets elsewhere in Western Europe. The retail market is showing signs of improving while the industrial sector has been stable. http://www.rics.org/ricscms/bin/show?class=Brief&template=/includes/showbrief.html&id=534
590 _aWB
650 _aITALY
650 _aPROPERTY-COMMERCIAL PROPERTY-COMMERCIAL PROPERTY MARKET
650 _aPROPERTY-COMMERCIAL PROPERTY-RETAIL PROPERTY-RETAIL PROPERTY MARKET
650 _aINDUSTRIAL RENTS
650 _aECONOMY
690 _aINTERNATIONAL-EUROPE
942 _n0
999 _c73603
_d73603